[Event "SRB-chT2 West"]
[Site "Valjevo"]
[Date "2010.10.16"]
[Round "10"]
[White "Zenunovic, Hafiz"]
[Black "Raicevic, Momcilo"]
[Result "0-1"]
[WhiteElo "2037"]
[BlackElo "2348"]
[PlyCount "33"]
[EventDate "2010.09.12"]
[EventType "team-tourn"]
[EventRounds "9"]
[EventCountry "YUG"]
[SourceTitle "EXT 2011"]
[Source "ChessBase"]
[SourceDate "2010.11.26"]
[SourceVersion "1"]
[SourceVersionDate "2010.11.26"]
[SourceQuality "1"]

1. e4 g6 2. d4 c6 3. Nf3 d5 4. e5 Bg7 5. h3 f6 6. Bf4 fxe5 7. Nxe5 Nf6 8. Bd3 0-0 9. Nd2 Qb6 10. Nb3 Ne4 11. Bxe4 Rxf4 12. Bf3 Bxe5 13. dxe5 Nd7 14. e6 Ne5 15. Qe2 Nxf3+ 16. gxf3 Rf6 17. 0-0-0 0-1

[Event "SRB-chT2 West"]
[Site "Serbia"]
[Date "2009.10.11"]
[Round "11.5"]
[White "Stojanovic, Dobrisav"]
[Black "Zenunovic, Hafiz"]
[Result "1-0"]
[WhiteElo "2331"]
[BlackElo "2046"]
[PlyCount "41"]
[EventDate "2009.09.06"]
[EventType "team"]
[EventRounds "11"]
[EventCountry "SRB"]
[SourceTitle "EXT 2012"]
[Source "ChessBase"]
[SourceDate "2011.11.24"]
[SourceVersion "1"]
[SourceVersionDate "2011.11.24"]
[SourceQuality "1"]

1. d4 d5 2. c4 Nf6 3. cxd5 Nxd5 4. Nc3 e6 5. Nf3 Be7 6. e4 Nb6 7. Be3 Bd7 8. Rc1 Bb4 9. Bd3 Qe7 10. 0-0 Bxc3 11. Rxc3 Nc6 12. Re1 a6 13. d5 exd5 14. Bxb6 d4 15. Bxd4 0-0-0 16. Qe2 Qe8 17. Bc5 Bg4 18. Bxa6 Bxf3 19. gxf3 Ne5 20. Bb6 Rd7 21. Rcc1 1-0

[Event "SRB-chT 1st League"]
[Site "Vrnjacka Banja"]
[Date "2007.09.15"]
[Round "2.1"]
[White "Zenunovic, Hafiz"]
[Black "Ristic, Nenad"]
[Result "0-1"]
[WhiteElo "2043"]
[BlackElo "2435"]
[PlyCount "80"]
[EventDate "2007.09.08"]
[EventType "team"]
[EventRounds "11"]
[EventCountry "SRB"]
[SourceTitle "EXT 2012"]
[Source "ChessBase"]
[SourceDate "2011.11.24"]
[SourceVersion "1"]
[SourceVersionDate "2011.11.24"]
[SourceQuality "1"]
[WhiteTeam "Novi Pazar INA Dizajn"]
[BlackTeam "Smederevska Palanka Jasenica"]
[WhiteTeamCountry "SRB"]
[BlackTeamCountry "SRB"]

1. e4 c5 2. Nc3 Nc6 3. Bb5 Nd4 4. Nf3 g6 5. 0-0 Bg7 6. Nxd4 cxd4 7. Ne2 a6 8. Bd3 d5 9. c3 dxe4 10. Bxe4 d3 11. Nf4 e5 12. Re1 Ne7 13. Nxd3 f5 14. Bxf5 Bxf5 15. Nxe5 0-0 16. d4 Qd5 17. Qf3 Rae8 18. Qxd5+ Nxd5 19. Bd2 h6 20. Rac1 g5 21. Nc4 Rd8 22. Ne3 Be6 23. h3 Nf4 24. Ra1 Nd3 25. Rf1 Nxb2 26. Rab1 Nc4 27. Nxc4 Bxc4 28. Rfe1 b5 29. a3 Rfe8 30. Re3 Rxe3 31. fxe3 Bf8 32. Ra1 Bd3 33. a4 bxa4 34. Rxa4 Rb8 35. Ra1 Rb2 36. Be1 Bd6 37. Rc1 Be4 38. Bf2 Bh2+ 39. Kf1 Bd3+ 40. Ke1 Re2+ 0-1

[Event "SRB-chT 1st League"]
[Site "Vrnjacka Banja"]
[Date "2007.09.08"]
[Round "1.1"]
[White "Kojovic, Dragan"]
[Black "Zenunovic, Hafiz"]
[Result "1-0"]
[WhiteElo "2407"]
[BlackElo "2043"]
[PlyCount "37"]
[EventDate "2007.09.08"]
[EventType "team"]
[EventRounds "11"]
[EventCountry "SRB"]
[SourceTitle "EXT 2012"]
[Source "ChessBase"]
[SourceDate "2011.11.24"]
[SourceVersion "1"]
[SourceVersionDate "2011.11.24"]
[SourceQuality "1"]
[WhiteTeam "Gornji Milanovac Metalac"]
[BlackTeam "Novi Pazar INA Dizajn"]
[WhiteTeamCountry "SRB"]
[BlackTeamCountry "SRB"]

1. e4 e5 2. Nc3 Nc6 3. Bc4 Nf6 4. d3 Bb4 5. Bg5 d6 6. Nge2 Bd7 7. a3 Bxc3+ 8. Nxc3 h6 9. Bh4 Qe7 10. Nd5 Qd8 11. Nxf6+ gxf6 12. 0-0 Rg8 13. f4 Bg4 14. Qd2 Rg6 15. Kh1 Qe7 16. f5 Rg5 17. Bxg5 fxg5 18. h3 Bh5 19. g4 1-0